| 000 | 00638nam a22001697a 4500 | ||
|---|---|---|---|
| 008 | 160203b xxu||||| |||| 00| 0 eng d | ||
| 020 | _a978992966803 | ||
| 082 |
_a708 _bD473d |
||
| 100 |
_aRamirez, Pablo José; Acevedo, Anabella; Sawhney, Nitin. _94639 |
||
| 245 |
_aGuatemala Después _cPablo José Ramirez, Anabella Acevedo, Nitin Sawhney. |
||
| 260 |
_aGuatemala _bCiudad de la imaginación _c2015 |
||
| 300 |
_a28 pag _bill. _c23 cm |
||
| 650 |
_aCatalogo de exhibición _vArte _xExhibición New York 2015 _zGuatemala _94640 |
||
| 700 |
_aPablo José Ramirez _94641 |
||
| 700 |
_aAcevedo, Anabella _94642 |
||
| 700 |
_a Sawhney, Nitin _94643 |
||
| 999 |
_c848 _d848 |
||